Sitcom by House Quiz Stats

Quiz Updated May 2, 2016

Also try: 2000s Sitcoms
Challenge
Share
Tweet
Score 0/25 Timer 05:00
9 Plays Today
% Correct
The Simpsons
97.6%
The Flintstones
94.2%
South Park
82.2%
Family Guy
81.8%
The Jetsons
81.7%
Futurama
78.3%
The Addams Family
76.1%
Gilligan's Island
75.2%
The Brady Bunch
73.3%
Mr. Ed
66.9%
The Munsters
66.3%
The Beverly Hillbillies
58%
The Partridge Family
54.8%
% Correct
All in the Family
53.5%
Fresh Prince of Bel-Air
51.8%
Green Acres
51%
The Cosby Show
45.5%
Modern Family
38.3%
The Dick Van Dyke Show
36.6%
The Golden Girls
35.8%
Family Matters
28.5%
Newhart
20%
Mork & Mindy
18.9%
Malcolm in the Middle
11.3%
Happy Days
9.2%

You're not logged in!

Compare scores with friends on all Sporcle quizzes.
Join for Free
OR
Log In

You Might Also Like...

Show Comments

Extras

Top Quizzes Today


Score Distribution

Your Account Isn't Verified!

In order to create a playlist on Sporcle, you need to verify the email address you used during registration. Go to your Sporcle Settings to finish the process.

Report this User

Report this user for behavior that violates our Community Guidelines.

Details: